000
00330nam a22001577a 4500
003
SGT
020
_a
9789353065591
082
_a
150,BUT
100
_a
BUTCHER, JAMES N.
245
_a
ABNORMAL PSYCHOLOGY
250
_a
17TH
260
_a
INDIA
_b
PEARSON
_c
2024
300
_a
883
650
_a
PSYCHOLOGY
942
_2
ddc
_c
BK
_0
12
999
_c
26469
_d
26469